Topological degree methods in nonlinear boundary value problems /

Guardado en:
Autor Principal: Mawhin, J.
Formato: Libro
Idioma:English
Publicado: Providence, R.I. : Published for the Conference Board of the Mathematical Sciences by the American Mathematical Society, c1979.
Series:Regional conference series in mathematics ; no. 40
Materias:
Etiquetas: Agregar Etiqueta
Sin Etiquetas, Sea el primero en etiquetar este registro!
LEADER 01028cam a2200253 a 4500
001 MAT.inmabb004996
008 790103s1979####riu######b####000#0#eng##
005 20160401162040.0
245 1 0 |a Topological degree methods in nonlinear boundary value problems /  |c by J. Mawhin. 
260 |a Providence, R.I. :  |b Published for the Conference Board of the Mathematical Sciences by the American Mathematical Society,  |c c1979. 
300 |a v, 122 p. ;  |c 26 cm. 
440 0 |a Regional conference series in mathematics ;  |v no. 40 
500 |a "Expository lectures from the CBMS regional conference held at Harvey Mudd College, June 9-15, 1977." 
504 |a Bibliografía: p. 109-122. 
510 4 |a MR,  |c 80c:47055 
020 |a 082181690X 
100 1 |a Mawhin, J. 
650 0 |a Nonlinear boundary value problems. 
650 0 |a Functional differential equations. 
650 0 |a Topological degree. 
084 |a 47Jxx (34-02 55M25 58C30)  |2 msc2000 
010 |a  78031906  
040 |a DLC  |c DLC  |d DLC 
859 |h 47  |i M462  |p A-5357  |b BIB. MATEMATICA